Κατάλογος Βιβλιοθηκών Mediterranean College

Microeconomics (Record no. 8106)

MARC details
000 -LEADER
fixed length control field 01498cam a22002174a 4500
005 - ΗΜΕΡΟΜΗΝΙΑ ΚΑΙ ΩΡΑ ΤΕΛΕΥΤΑΙΑΣ ΕΝΗΜΕΡΩΣΗΣ
Πεδίο ελέγχου 20250901131004.0
008 - FIXED-LENGTH DATA ELEMENTS--GENERAL INFORMATION
Πεδίο ελέγχου σταθερού μήκους 250528s ||||||||||||||||||||||||d
035 ## - SYSTEM CONTROL NUMBER
System control number 23075
020 ## - ISBN
ISBN 9781408017913
040 ## - ΠΗΓΗ ΚΑΤΑΛΟΓΟΓΡΑΦΗΣΗΣ
Φορέας πρωτότυπης καταλογογράφησης MC Athens Campus Library
Γλώσσα καταλογογράφησης Ελληνικά, Μοντέρνα (1453-)
Modifying agency MC Athens Campus Library
Κανόνες περιγραφικής καταλογογράφησης AACR2
245 1# - ΤΙΤΛΟΣ ΚΑΙ ΔΗΛΩΣΗ ΥΠΕΥΘΥΝΟΤΗΤΑΣ
Τίτλος Microeconomics
250 ## - EDITION STATEMENT
Edition statement 2nd
260 ## - PUBLICATION, DISTRIBUTION, ETC.
Place of publication, distribution, etc. Australia
Name of publisher, distributor, etc. South-Western - Cengage Learning,
Date of publication, distribution, etc. 2011
300 ## - PHYSICAL DESCRIPTION
Extent 500
520 ## - SUMMARY, ETC.
Summary, etc. Preface, Acknowledgements, Introduction, Ten Principles of Economics, Thinking Like an Economist, Interdependence and the Gains from Trade, Supply and Demand I: How Markets Work, The Market Forces of Supply and Demand, Elasticity and Its Application, Supply and Demand and Government Policies, Supply and Demand II: Markets and Welfare, Consumers and Producers and the Efficiency of Markets, Application: The Costs of Taxation, Application: International Trade, The Economics of the Public Sector, Externalities, Public Goods and Common Resources, The Design of the Tax System, Firm Behaviour and the Organization of Industry, The Costs of Production, Firms in Competitive Markets, Monopoly, Monopolistic Competition, Oligopoly, The Economics of Labour Markets, The Markets for the Factors of Production, Earnings and Discrimination, Income Inequality and Poverty, Topics for Further Study, The Theory of Consumer Choice, Frontiers of Microeconomics, Glossary, Index.
700 1# - ΠΡΟΣΘΕΤΗ ΑΝΑΓΡΑΦΗ--ΦΥΣΙΚΟ ΠΡΟΣΩΠΟ
Personal name Mankiw Gregory N
9 (RLIN) 2845
700 1# - ΠΡΟΣΘΕΤΗ ΑΝΑΓΡΑΦΗ--ΦΥΣΙΚΟ ΠΡΟΣΩΠΟ
Personal name Taylor, Mark P.
9 (RLIN) 7243
942 ## - ADDED ENTRY ELEMENTS (KOHA)
Koha item type Books
Holdings
Τύπος τεκμηρίου Βιβλιοθήκη Τρέχουσα τοποθεσία Τοποθεσία Barcode Αριθμός εισαγωγής Ημερομηνία απόκτησης Ταξιθετικό σύμβολο Αριθμός αντιτύπου Κατάσταση απόσυρσης Κατάσταση χαμένου Κατάσταση κατεστραμμένου Μη δανεισμός Σύνολο δανεισμών Ημερομηνία τελευταίας εμφάνισης Η τιμή ισχύει από
Books MC Athens Campus Library MC Athens Campus Library Παράρτημα Γλυφάδας 9780000081056 7692   338.5 MAN 1           05/06/2025 05/06/2025

MC Athens Campus Library
Πατησίων 94 & Κοδριγκτώνος 13, 104 34
Πελλήνης 8 & Πατησίων 107, 112 51
Τ: +30 210 8899600

MC Thessaloniki Campus Library
Ίωνος Δραγούμη 21, 54625 | Ίωνος Δραγούμη 15, 54625
Τ: +30 2310 287779 – Τ: +30 2314 440300